00783nam a2200241 u 45000010006000000050017000060080041000230350010000640400013000740410008000870820008000951000044001032450130001472600043002773000014003206500034003346500044003686500042004126500023004547000044004775020012005215260008005336877020260504071842.0960313s1991 ||||||m| spa  a68770 ccomduadb aspa 4a37110aJaramillo Cardona, Nubia Ines4auteaut10aPrograma de educacion familiar tendiente a disminuir riesgos en factores que inciden en la farmacodependencia y su evaluacion aMedellín :b[sin publicador],c1991. a206 hojas 7aEducación en el hogar2lemb aDrogadicción - Prevención y control 7aRehabilitación de drogadictos2lemb aSurgir - Programas10aLondoño Molina, Tulio Jario4auteaut b153c15 a155